<?xml version="1.0" encoding="UTF-8"?>
<record
    xmlns:xsi="http://www.w3.org/2001/XMLSchema-instance"
    xsi:schemaLocation="http://www.loc.gov/MARC21/slim http://www.loc.gov/standards/marcxml/schema/MARC21slim.xsd"
    xmlns="http://www.loc.gov/MARC21/slim">

  <leader>00663nam a22001817a 4500</leader>
  <controlfield tag="005">20220805090240.0</controlfield>
  <controlfield tag="008">220804s2010    mx  |||f |||| 00| 0 spa d</controlfield>
  <datafield tag="020" ind1=" " ind2=" ">
    <subfield code="a">978-607-7673-20-0</subfield>
  </datafield>
  <datafield tag="040" ind1=" " ind2=" ">
    <subfield code="c">CHAP</subfield>
  </datafield>
  <datafield tag="082" ind1=" " ind2=" ">
    <subfield code="2">22</subfield>
    <subfield code="a">305.433242097247</subfield>
    <subfield code="b">M95</subfield>
  </datafield>
  <datafield tag="245" ind1=" " ind2=" ">
    <subfield code="a">Mujeres en la arena pol&#xED;tica de Tlaxcala /</subfield>
    <subfield code="c">por Ra&#xFA;l Jim&#xE9;nez Guill&#xE9;n ... [ y otros ].</subfield>
  </datafield>
  <datafield tag="264" ind1=" " ind2="1">
    <subfield code="a">Tlaxcala, M&#xE9;xico :</subfield>
    <subfield code="b">El Colegio de M&#xE9;xico :</subfield>
    <subfield code="b">La Jornada de Oriente,</subfield>
    <subfield code="c">2010.</subfield>
  </datafield>
  <datafield tag="300" ind1=" " ind2=" ">
    <subfield code="a">208 p&#xE1;ginas.</subfield>
  </datafield>
  <datafield tag="650" ind1=" " ind2="0">
    <subfield code="a">Mujeres</subfield>
    <subfield code="9">185325</subfield>
    <subfield code="x">Participaci&#xF3;n pol&#xED;tica</subfield>
    <subfield code="z">Tlaxcala</subfield>
  </datafield>
  <datafield tag="650" ind1=" " ind2="7">
    <subfield code="a">Tlaxcala</subfield>
    <subfield code="9">113480</subfield>
    <subfield code="x">Pol&#xED;tica y gobierno</subfield>
  </datafield>
  <datafield tag="700" ind1=" " ind2=" ">
    <subfield code="a">Jim&#xE9;nez Guill&#xE9;n, Ra&#xFA;l</subfield>
    <subfield code="9">185194</subfield>
  </datafield>
  <datafield tag="942" ind1=" " ind2=" ">
    <subfield code="c">LIBRO</subfield>
    <subfield code="2">ddc</subfield>
  </datafield>
  <datafield tag="999" ind1=" " ind2=" ">
    <subfield code="c">217194</subfield>
    <subfield code="d">217194</subfield>
  </datafield>
  <datafield tag="952" ind1=" " ind2=" ">
    <subfield code="0">0</subfield>
    <subfield code="1">0</subfield>
    <subfield code="2">ddc</subfield>
    <subfield code="4">0</subfield>
    <subfield code="5">2</subfield>
    <subfield code="7">0</subfield>
    <subfield code="8">GRAL</subfield>
    <subfield code="a">BC</subfield>
    <subfield code="b">BC</subfield>
    <subfield code="c">PA_GRAL</subfield>
    <subfield code="d">2022-08-04</subfield>
    <subfield code="l">0</subfield>
    <subfield code="o">305.433242097247 M95</subfield>
    <subfield code="p">33724002567314</subfield>
    <subfield code="r">2022-08-04 00:00:00</subfield>
    <subfield code="w">2022-08-04</subfield>
    <subfield code="y">LIBRO</subfield>
  </datafield>
</record>
